书目信息 |
| 题名: |
分子光谱与分子结构
|
|
| 作者: | 赫兹堡 著 ;王鼎昌 译 | |
| 分册: | 第一卷 双原子分子光谱 | |
| 出版信息: | 北京 科学出版社 1983.08 |
|
| 页数: | 508页 | |
| 开本: | 26cm | |
| 丛书名: | ||
| 单 册: | ||
| 中图分类: | O561.3 | |
| 科图分类: | ||
| 主题词: | 分子--光谱 | |
| 电子资源: | ||
| ISBN: | ||
| 000 | 00770nam0 2200253 45 | |
| 001 | 0186004925 | |
| 005 | 20060817173422.98 | |
| 010 | @dCNY5.20 | |
| 091 | @a13031.2214 | |
| 100 | @a19951114d1983 em y0chiy0121 ea | |
| 101 | 1 | @achi@ceng |
| 102 | @aCN@b110000 | |
| 105 | @ay z 000yy | |
| 200 | 10 | @a分子光谱与分子结构@Afen zi guang pu yu fen zi jie gou@h第一卷@i双原子分子光谱@f(加)G·赫兹堡著@F(Jia)G·He Zi Bao Zhu@g王鼎昌译 |
| 210 | @a北京@c科学出版社@d1983.08 | |
| 215 | @a508页@d26cm | |
| 517 | @a双原子分子光谱@AShuang Yuan Zi Fen Zi Guang Pu | |
| 606 | @a分子@x光谱 | |
| 690 | @aO561.3@v3 | |
| 701 | 0 | @a赫兹堡@4著 |
| 702 | 0 | @a王鼎昌@4译@Awang ding chang |
| 801 | 2 | @aCN@bNLC@c20060817 |
| 801 | 0 | @aCN@b深圳图书馆@c20060815 |
| 905 | @dO561.3@e14:1 | |
| 分子光谱与分子结构.第一卷.双原子分子光谱/(加)G·赫兹堡著/王鼎昌译.-北京:科学出版社,1983.08 |
| 508页;26cm |
| ISBN :CNY5.20 |
| ● |
| 相关链接 |
|
|
|
|
正题名:分子光谱与分子结构
索取号:O561.3/14:1
 
预约/预借
| 序号 | 登录号 | 条形码 | 馆藏地/架位号 | 状态 | 备注 |
| 1 | 0431978 | 204319781 | 密集书库/ [索取号:O561.3/14:1] | 在馆 | |
| 2 | 0461771 | 204617717 | 密集书库/ [索取号:O561.3/14:1] | 在馆 | |
| 3 | 0468517 | 204685171 | 密集书库/ [索取号:O561.3/14:1] | 在馆 |